000 00504nam a22001937a 4500
005 20260310110010.0
008 260310b |||||||| |||| 00| 0 eng d
020 _a9788119122035
040 _cFLL
041 _2eng
_aeng
084 _aX:5.1 R3
100 _aMANSOOR Sheikh Inam UL
_91131488
245 _aThe WTO and Developing Countries
_bA Quest for fairness
250 _a1st.
260 _aNew Delhi
_bSatyam
_c2023
300 _axvii,357p
650 _aTrade Law
_9682717
942 _2CC
_cTB
999 _c1715019
_d1715019